00406 a2200157 4500003000400000005001700004008004100021020001800062040000900080082002000089100002100109245005200130250001200182260004400194300001000238OSt20240207144948.0240207b |||||||| |||| 00| 0 eng d a9789381788349 coclc a894.8129bHUS/K aHussain, Zakir P aKozhikode Orormapusthakam /c P Zakir Hussain a2nd ed. aKozhikode:b Olive Publications,c2017. a337p.